000 00578nam a2200181Ia 4500
008 090124s9999 xx 000 0 und d
082 _b36680
100 _aभडभडे सुमन
245 _a इथे बहर भाव फुलला
250 _a1
260 _bमनोरमा प्रकाशन
_c2000
300 _a221
600 _aभडभडे सुमन
630 _a इथे बहर भाव फुलला
700 _aभडभडे सुमन
730 _a इथे बहर भाव फुलला
942 _cBOOK
999 _c102608
_d102608